Movies Quiz

Random Movies or Blitz Quiz
Score 0/22 Timer 03:00
5 Plays Today
Hint Movie % Correct
...features Arnold Schwarzenegger saying 'I'll be back'The Terminator
92%
...won eleven Academy AwardsBen-Hur...
82%
...is in the AFI's Top 10 Animated Movies listPinocchio...
80.7%
...was made by Steven Spielberg that's set during World War II1941...
73.6%
...is in the Top 5 of IMDB's Top 250The Godfather...
63.5%
...was directed by M. Night Shyamalan and has a 'Rotten' rating on Rotten TomatoesThe Happening...
58.2%
...stars Robert DeNiro and Joe PesciRaging Bull...
57.1%
...lost to The King's Speech for Best Picture127 Hours...
55.4%
...Alfred Hitchcock made after PsychoFrenzy...
54.1%
...starred Roger Moore as James BondLive and Let Die...
53.4%
...won Best Picture (Drama) at the Golden Globes since 2004Babel...
47%
Hint Movie % Correct
...Gregory Peck got an Oscar nomination forThe Yearling...
45.2%
...won Best Picture and can be put in the 'Western' genreUnforgiven...
36.5%
...was directed by Woody Allen that begins with 'M'Match Point...
35.7%
...is one of the Top 50 highest-grossing movies and has a '2' in its titleIncredibles 2...
33.7%
...starred all four Marx BrothersDuck Soup...
29.7%
...was nominated for Best Picture and is not primarily in EnglishZ...
29.6%
...starred John Wayne and was directed by John FordThe Searchers...
21.4%
...won Best Picture in the 1960s and wasn't a musicalThe Apartment...
15%
...Charlie Chaplin directed before 1930The Kid...
13.6%
...was directed by Michael Bay with a 'Fresh' rating on Rotten TomatoesThe Rock
13.1%
...was adapted from a Lerner and Loewe musicalMy Fair Lady...
8.8%

You're not logged in!

Compare scores with friends on all Sporcle quizzes.
OR
Log In

Sporcle TV

Today on Sporcle TV


Watch our educational content, quiz creation guides, and fun videos on Sporcle TV.

Show Comments

Extras

Top Quizzes Today


Score Distribution

Paid Content

Your Account Isn't Verified!

In order to create a playlist on Sporcle, you need to verify the email address you used during registration. Go to your Sporcle Settings to finish the process.

Report this User

Report this user for behavior that violates our Community Guidelines.

Details: